| 000 | 00472nam a2200181Ia 4500 | ||
|---|---|---|---|
| 008 | 240925s9999 xx 000 0 und d | ||
| 020 | _a9780593067758 | ||
| 082 | _a796.3580922 KHA | ||
| 100 | _aKhan, Imran - | ||
| 245 | 0 | _aImran Khan: pakistan | |
| 250 | _aNA | ||
| 260 |
_aLahore: _bJahangir Book Depot _c,2011. |
||
| 300 |
_axxvi,901l.p. _bN.A _fOriginal |
||
| 500 | _aNA | ||
| 600 | _aHumanities & Natural Science | ||
| 650 | _aArts and Recreation | ||
| 942 | _cBK | ||
| 999 |
_c11789 _d11789 |
||